How to speak money : The language and knowledge you need now
The book will: * Shed light on the male and female spending and investing disparity * Discuss emerging international economies * Weigh the financial hurdle of student debt culminating in a successful job * Explain how to budget wisely and build wealth * Show how to plan appropriately for retirement...
Spremljeno u:
| Glavni autor: | |
|---|---|
| Format: | Knjiga |
| Jezik: | Undetermined |
| Izdano: |
Hoboken, N.J.
Wiley
2012
|
| Teme: | |
| Oznake: |
Dodaj oznaku
Bez oznaka, Budi prvi tko označuje ovaj zapis!
|
| Thư viện lưu trữ: | Trung tâm Học liệu Trường Đại học Cần Thơ |
|---|
| LEADER | 01016nam a2200217Ia 4500 | ||
|---|---|---|---|
| 001 | CTU_206768 | ||
| 008 | 210402s9999 xx 000 0 und d | ||
| 020 | |c 14.46 | ||
| 082 | |a 332.024 | ||
| 082 | |b V432 | ||
| 100 | |a Velshi, Ali | ||
| 245 | 0 | |a How to speak money : | |
| 245 | 4 | |b The language and knowledge you need now | |
| 245 | 0 | |c Ali Velshi, Christine Romans | |
| 260 | |a Hoboken, N.J. | ||
| 260 | |b Wiley | ||
| 260 | |c 2012 | ||
| 520 | |a The book will: * Shed light on the male and female spending and investing disparity * Discuss emerging international economies * Weigh the financial hurdle of student debt culminating in a successful job * Explain how to budget wisely and build wealth * Show how to plan appropriately for retirement How to Speak Money is an easy-to-read, practical book that helps readers become fluent in the world s most universal language. | ||
| 650 | |a Finance, Personal,Tài chính cá nhân | ||
| 904 | |i Hải | ||
| 980 | |a Trung tâm Học liệu Trường Đại học Cần Thơ | ||